00259pam a2200121 a 4500020000500000041000500005082001300010100002400023245004900047250001400096260001700110300001000127 c h a617bGRE aMark S. Greenberg . aHandbook of Neurosurgery hTextual Documents a7th ed. . bThiemec2010 a1337.